00540 2200193 4500001002100000008004100021035001900062245008400081100001600165250000900181260004100190300002700231020002100258084001500279082000900294650000900303990001700312990001700329INLIS000000000016390 Ind $a 0010-0525000053$a Ubah mindset anda : $b Di balik kesulitan, pasti ada kemudahan / $c Asep Maulana$a Asep Maulana$a Cet.1$a Depok : $b Senja Media Utama $c 2023 $a 132 hlm. ; $c 19x13 cm.$a 978-623-96027-7-2$a 297.5 Ase u$a 297.5$a Islam$a 35389/bt/2024$a 35390/bt/2024